000 00500nam a22001577a 4500
003 OSt
005 20151128111651.0
008 151128b xxu||||| |||| 00| 0 eng d
040 _cRUA
082 _aFIS NUO 1996 B164 Or.1
100 _93976
_aNUON, RITHY.
245 _aProcessing of fish sauce in sihanouk ville, ការកែច្នៃទឹកត្រី នៅក្រុងព្រះសីហនុ
260 _aPhnom Penh
_bRUA
_c1996
300 _a59p.
_bill.
_c29cm.
942 _2ddc
_cFIS
999 _c3697
_d3697